Religion Quiz

Random Religion or Judaism Quiz

Hebrew Calendar Months Quiz Stats

 Plays Quiz Updated Feb 27, 2020

     
Support Sporcle.
Go Orange.
Score 0/12 Timer 04:00
2 Plays Today
Month % Correct
Adar
81.3%
Nisan
80.4%
Av
75.9%
Tishrei
72.2%
Elul
71%
Kislev
69.2%
Iyar
63.4%
Cheshvan
62%
Sivan
61.9%
Tammuz
61.7%
Tevet
59.9%
Shevat
59%

From the Vault

Vowel Cut Historical Figures

by Slinenfest

History 2m
Who even needs vowels anyway? 'Shh' and 'hmm' get along well enough without them.
Remove Ads.
Support Sporcle.
Get the best of Sporcle when you Go Orange. This ad-free experience offers more features, more stats, and more fun while also helping to support Sporcle. Thank you for becoming a member.

Show Comments

Extras

Top Quizzes Today


Score Distribution

Your Account Isn't Verified!

In order to create a playlist on Sporcle, you need to verify the email address you used during registration. Go to your Sporcle Settings to finish the process.

Report this User

Report this user for behavior that violates our Community Guidelines.

Details: